| 000 | 00533cam a22002174a 4500 | ||
|---|---|---|---|
| 005 | 20250605164246.0 | ||
| 008 | 250528s ||||||||||||||||||||||||d | ||
| 035 | _a21509 | ||
| 020 | _a9780135691465 | ||
| 040 |
_aGR-AtMCL _bgre _dGR-AtMCL _eAACR2 |
||
| 245 | 1 | _aBUSINESS MATHEMATICS | |
| 250 | _a5 | ||
| 260 |
_bPrentice Hall, _c1997 |
||
| 300 | _a641 | ||
| 700 | 1 |
_aHighland Esther H _96616 |
|
| 700 | 1 |
_aPeselnick Charles _96617 |
|
| 700 | 1 |
_aRosenbaum Robert S _96618 |
|
| 942 | _cBK | ||
| 999 |
_c6571 _d6571 |
||